00651nam a2200241 a 4500001001300000003000900013005001700022008004100039020001000080082001600090100001700106245002100123260003300144300000900177500003500186505000600221650001800227700001700245902000800262942000700270952011700277999001500394nice12345678IN_TiNIC20260116012413.0050524s1913 egya grp 000 0 ara  ac10000a297.52bZAI aZaif, Ismail aMajmoo-Al-Awraad aEgyptbMaktaba-E-ilmiac1913 a160p aincludes index and biblioraphy2 a] aIslam-Prayers1 aZaif, Ismail bSRS cBK 001040708StackRoom-aHMIbHMId2007-07-04g100.00l0o297.52 ZAIp013492r2007-07-04v100.00w2005-05-24yBK c6882d6882